Commercial development activity (Record no. 110032)

MARC details
000 -LEADER
fixed length control field 01111cad a22002295a 4500
001 - CONTROL NUMBER
control field E148407
008 - FIXED-LENGTH DATA ELEMENTS--GENERAL INFORMATION
fixed length control field 090914s2009 xxkd f s 000 0 eng d
035 ## - SYSTEM CONTROL NUMBER
System control number (Sirsi) u148407
041 0# - LANGUAGE CODE
Language code of text/sound track or separate title eng
050 04 - LIBRARY OF CONGRESS CALL NUMBER
Classification number 333.337 $2 18
110 2# - MAIN ENTRY--CORPORATE NAME
Corporate name or jurisdiction name as entry element Savills Project Consultancy
9 (RLIN) 5857
245 00 - TITLE STATEMENT
Title Commercial development activity
Remainder of title September 2009
Medium [electronic resource]
260 ## - PUBLICATION, DISTRIBUTION, ETC.
Place of publication, distribution, etc. London
Name of publisher, distributor, etc. Savills
Date of publication, distribution, etc. 2009
490 #0 - SERIES STATEMENT
Series statement Savills UK Commercial Development Activity
Volume/sequential designation September 2009
520 ## - SUMMARY, ETC.
Summary, etc. Reports that August saw the first month-on-month rise in commercial development activity since October 2007. 21% of firms reported an increase in activity and only 13% reported a fall. The Total Commercial Development Activity Index stood at +7.8% in August.
590 ## - LOCAL NOTE (RLIN)
Local note KA
650 24 - SUBJECT ADDED ENTRY--TOPICAL TERM
Topical term or geographic name entry element SAVILLS UK COMMERCIAL DEVELOPMENT ACTIVITY PMI
651 #4 - SUBJECT ADDED ENTRY--GEOGRAPHIC NAME
Geographic name United Kingdom
Chronological subdivision
690 ## - LOCAL SUBJECT ADDED ENTRY--TOPICAL TERM (OCLC, RLIN)
Topical term or geographic name as entry element PROPERTY-COMMERCIAL PROPERTY-COMMERCIAL PROPERTY MARKET
856 40 - ELECTRONIC LOCATION AND ACCESS
Uniform Resource Identifier <a href="https://www.savills.com/research-archive/commercial-development-activity-report---september-2009.pdf">https://www.savills.com/research-archive/commercial-development-activity-report---september-2009.pdf</a>
Public note View this report free of charge at www.savills.com
942 ## - ADDED ENTRY ELEMENTS (KOHA)
Suppress in OPAC 0
Holdings
Withdrawn status Lost status Source of classification or shelving scheme Damaged status Not for loan Home library Current library Shelving location Date acquired Total Checkouts Full call number Barcode Date last seen Copy number Price effective from Koha item type
    Dewey Decimal Classification     Virtual Virtual Online 14/09/2009   ONLINE PUBLICATION 148407-2001 06/08/2019 1 06/08/2019 Book